| 000 | 00000nam##2200000za#4500 |
| 001 | 9.648410 |
| 003 | CaOODSP |
| 005 | 20210615113100 |
| 007 | ta |
| 008 | 150407|2001||||xxc||||| f|0| 0 eng|d |
| 020 | |a0-662-31354-2 |
| 040 | |aCaOODSP|beng |
| 043 | |an-cn--- |
| 086 | 1 |aF1-23/2001-5E |
| 110 | 1 |aCanada. |bDepartment of Finance. |
| 245 | 10|aBudget 2001: strategic investments: bridging to the future |
| 260 | |aOttawa - Ontario : |bFinance Canada |c2001. |
| 300 | |a31p. : |bgraphs, tables ; |c28 cm. |
| 500 | |aN.B.: Incorrect catalogue number (F1-23/2001-6E) and ISBN (0-662-31355-0) printed on this publication. |
| 563 | |aSoftcover |
| 590 | |a01-51|b2001-12-28 |
| 690 | 07|aEstimates|2gcpds |
| 690 | 07|aFiscal policy|2gcpds |
| 690 | 07|aPublic finance|2gcpds |
| 775 | 08|tLe budget de 2001: investissements stratégiques: préparer l'avenir |w(CaOODSP)9.681696 |
| 776 | 0#|tstrategic investments : |w(CaOODSP)9.695566 |